MGMT3 / (Record no. 3734)

000 -LEADER
fixed length control field 01128cam a2200265 a 4500
001 - CONTROL NUMBER
control field 12488488
003 - CONTROL NUMBER IDENTIFIER
control field OSt
005 - DATE AND TIME OF LATEST TRANSACTION
control field 20161116123259.0
008 - FIXED-LENGTH DATA ELEMENTS--GENERAL INFORMATION
fixed length control field 010731s2002 njua b 001 0 eng
010 ## - LIBRARY OF CONGRESS CONTROL NUMBER
LC control number 2001036958
020 ## - INTERNATIONAL STANDARD BOOK NUMBER
International Standard Book Number 9780538743525
040 ## - CATALOGING SOURCE
Original cataloging agency DLC
Transcribing agency DLC
Modifying agency DLC
050 00 - LIBRARY OF CONGRESS CALL NUMBER
Classification number HD31.W55 2011
082 00 - DEWEY DECIMAL CLASSIFICATION NUMBER
Classification number 658
Edition number 21
100 ## - MAIN ENTRY--PERSONAL NAME
Personal name William,Chuck
245 10 - TITLE STATEMENT
Title MGMT3 /
Statement of responsibility, etc Chuck Williams
260 ## - PUBLICATION, DISTRIBUTION, ETC. (IMPRINT)
Place of publication, distribution, etc Australia:
Name of publisher, distributor, etc Cengage Learning-South western,
Date of publication, distribution, etc c2011.
300 ## - PHYSICAL DESCRIPTION
Extent xix, 376 p. :
Other physical details ill. (some col.)
Dimensions 28 cm. +
Accompanying material 1 computer optical disc (4 3/4 in.)
504 ## - BIBLIOGRAPHY, ETC. NOTE
Bibliography, etc Includes bibliographical references and index.
538 ## - SYSTEM DETAILS NOTE
System details note System requirements for accompanying computer disc: IBM or PC-compatible with 200 MHz or higher processor; Windows 95 or higher; Windows 2000, Windows ME, Windows NT 4.0 or higher; PowerPC-based Macintosh; Mac OS 8.1 or higher.
650 #0 - SUBJECT ADDED ENTRY--TOPICAL TERM
Topical term or geographic name as entry element Management.
906 ## - LOCAL DATA ELEMENT F, LDF (RLIN)
a 7
b cbc
c orignew
d 1
e ocip
f 20
g y-gencatlg
942 ## - ADDED ENTRY ELEMENTS (KOHA)
Source of classification or shelving scheme
Koha item type Book

No items available.


Riara University Library,
P.O. Box 49940-00100,
Nairobi, Kenya.